LEADER 01137nam a2200301 i 4500 001 000000144844 003 CaOOAMICUS 005 20240409103718.0 008 051110s1987 it u000 u mul u 013 $a120207 020 $a88-06-59903-8 040 $aSeMil$bita 100 1 $aCummings, Edward Estlin <1894-1962>.$0(OLS)http://semarc/name/17452 245 10$aPoesie /$cE. E. Cummings ; traduzione di Mary de Rachewiltz. 260 $aTorino :$bEinaudi,$ccopyr. 1987. 300 $aXV, 274 p. ;$c20 cm. 490 0 $aGli struzzi ;$v322 500 $aTesto inglese a fronte. - Fondo Ciprandi. 700 1 $aRachewiltz, Mary : de,$d<1925- >.$0(OLS)http://semarc/name/16910 830 4$aGli struzzi ;$v322.$0(OLS)http://semarc/title/6903 850 $aSeMil 852 $aSeMil$W1$xVenegono$y1$m1W I 138$j97686$B97686$CSeMilBibl$Z2$F105546 $81 941 1 $a1 961 $aOmaggio: Ciprandi dott. Paolo 996 $6020$a88-06-59903-8$9(OLS)http://semarc/number/133244 996 $6245$aPoesie$9(OLS)http://semarc/title/2285 996 $6260$aTorino :$bEinaudi$9(OLS)http://semarc/publisher/29884 LEADER 01219nam a2200289 i 4500 001 000000041375 003 CaOOAMICUS 005 20081113000000.0 008 081113s1995 it u000 u ita u 013 $a12545 020 $a88-06-12610-5 040 $aSeMil$bita 100 1 $aPareyson, Luigi,$d<1918-1991>.$0(OLS)http://semarc/name/1183 245 10$aOntologia della libertà :$bil male e la sofferenza /$cLuigi Pareyson. 260 $aTorino :$bEinaudi,$cc1995 (stampa 1994) 300 $aXVI, 478 p. ;$c21 cm. 490 0 $aEinaudi Paperbacks ;$v253 500 $aDono di mons. Rimoldi. 650 4$aLibertà.$0(OLS)http://semarc/subject/2732 650 4$aPareyson, Luigi <1918-1991> - Pensiero filosofico.$0(OLS)http://semarc/subject/8692 830 0$aEinaudi Paperbacks ;$v253.$0(OLS)http://semarc/title/6898 850 $aSeMil 852 $aSeMil$W1$xVenegono$y1$m2P III 472$j7530$B7530$CSeMilBibl$Z2$F7530 $81 961 $aOmaggio: Rimoldi mons. Antonio 996 $6020$a88-06-12610-5$9(OLS)http://semarc/number/12143 996 $6245$aOntologia della libertà :$bil male e la sofferenza$9(OLS)http://semarc/title/59887 996 $6260$aTorino :$bEinaudi$9(OLS)http://semarc/publisher/29884